01066nam a2200265 a 4500003000900000005001700009008003200026020001500058040002200073082002600095100003400121245013400155246003900289250000600328260004700334300002600381490001400407500007400421505007000495563006400565650002300629650006000652700004600712740004200758DO-SdBNP20240719125809.0081127s1994 ck a 000 0 spa d a9580469679 aBPMSUbspacBPMSU 4a863.3bG643l 20062221 aGonzález Mejía, Conrado 13aEl Lazarillo de Tormes ; A propósito de Lazarillo de Tormes / cversión Conrado González Mejía, Luis González Guzmán 13aA propocito de la novela picaresca a  aBogotá :bGrupo Editorial Norma ,c1994. a69, 34 p.;c19 cm.b 0 aCara cruz aIncluye referencias bibliográficas y notas al pie de las páginas 0 tTratado primero. Cuenta Lázaro su vida, y de cuyo hijo fué -- aDos obras encuadernadas juntas con paginación invertidas  4aNovela española  4aLiteratura picaresca española xHistoria y crítica.1 aGonzález Guzmán, Luis eversión c  4aA propósito de Lazarillo de Tormes